[Event "Pfalz-ch MAT1 86th"]
[Site "Wolfstein"]
[Date "2017.04.14"]
[Round "7"]
[White "Kopf, Rainer"]
[Black "Agne, Marcel"]
[Result "0-1"]
[WhiteElo "1980"]
[BlackElo "1946"]
[PlyCount "63"]
[EventDate "2017.04.07"]
[EventType "tourn"]
[EventRounds "9"]
[EventCountry "GER"]
[SourceTitle "EXT 2018"]
[Source "ChessBase"]
[SourceDate "2017.10.13"]
[SourceVersion "1"]
[SourceVersionDate "2017.10.13"]
[SourceQuality "1"]

1. d4 Nf6 2. Nf3 e6 3. Bg5 Be7 4. e3 b6 5. Bd3 Bb7 6. Nbd2 d5 7. c3 Nbd7 8. Qa4 0-0 9. Ne5 h6 10. Bh4 Nxe5 11. dxe5 Nd7 12. Bxe7 Qxe7 13. Qf4 f6 14. exf6 Nxf6 15. Qh4 Qf7 16. 0-0 Nd7 17. Qg3 Nc5 18. Bg6 Qf6 19. Nb3 e5 20. Rfd1 Rad8 21. h4 Rd6 22. h5 e4 23. Nd4 Bc8 24. Nb5 Rd7 25. Nd4 Re7 26. Ne2 Re5 27. Nf4 c6 28. Rd2 Ne6 29. Bh7+ Kxh7 30. Ng6 Rxh5 31. Nxf8+ Qxf8 32. Rad1 0-1

[Event "Pfalz-ch MAT1 86th"]
[Site "Wolfstein"]
[Date "2017.04.13"]
[Round "6"]
[White "Agne, Marcel"]
[Black "Van Leyen, Peter"]
[Result "1-0"]
[WhiteElo "1946"]
[BlackElo "1665"]
[PlyCount "89"]
[EventDate "2017.04.07"]
[EventType "tourn"]
[EventRounds "9"]
[EventCountry "GER"]
[SourceTitle "EXT 2018"]
[Source "ChessBase"]
[SourceDate "2017.10.13"]
[SourceVersion "1"]
[SourceVersionDate "2017.10.13"]
[SourceQuality "1"]

1. e4 d6 2. d4 Nf6 3. Nc3 g6 4. Nge2 Bg7 5. h3 0-0 6. g4 h6 7. Ng3 c6 8. Be3 b5 9. Bd3 Na6 10. Qd2 Kh7 11. g5 Ng8 12. Nce2 c5 13. c3 c4 14. Bc2 Nc7 15. gxh6 Bxh6 16. h4 Bxe3 17. Qxe3 e5 18. dxe5 dxe5 19. f4 exf4 20. Nxf4 Re8 21. Rd1 Qf6 22. h5 g5 23. Nd5 Nxd5 24. exd5+ Bf5 25. Bxf5+ Kh6 26. Be4 Qf4 27. Qxf4 gxf4 28. Nf5+ Kg5 29. Nd6 Re7 30. Kf2 Rd8 31. Bf3 Rxd6 32. Rhg1+ Kh6 33. Rxg8 Re5 34. Rc8 Rf5 35. Rc6 Rff6 36. Rxd6 Rxd6 37. Re1 Kg5 38. Re7 Ra6 39. a3 Kf6 40. Rb7 Ra5 41. d6 Ra6 42. d7 Ke7 43. Bg4 Rd6 44. Rb8 Rd2+ 45. Kf3 1-0

[Event "Pfalz-ch MAT1 86th"]
[Site "Wolfstein"]
[Date "2017.04.13"]
[Round "5"]
[White "Haertner, Helmut"]
[Black "Agne, Marcel"]
[Result "1/2-1/2"]
[WhiteElo "1888"]
[BlackElo "1946"]
[PlyCount "44"]
[EventDate "2017.04.07"]
[EventType "tourn"]
[EventRounds "9"]
[EventCountry "GER"]
[SourceTitle "EXT 2018"]
[Source "ChessBase"]
[SourceDate "2017.10.13"]
[SourceVersion "1"]
[SourceVersionDate "2017.10.13"]
[SourceQuality "1"]

1. d4 Nf6 2. Nf3 e6 3. g3 b6 4. Bg2 Bb7 5. 0-0 Be7 6. Nbd2 0-0 7. c4 d6 8. Qc2 c5 9. e3 Nbd7 10. Rd1 Qc7 11. b3 Rac8 12. Bb2 Rfd8 13. Rac1 cxd4 14. exd4 d5 15. Qd3 dxc4 16. Qe2 c3 17. Rxc3 Qb8 18. Rdc1 Rxc3 19. Rxc3 Rc8 20. Rxc8+ Qxc8 21. Qc4 Nd5 22. Ne5 Nxe5 1/2-1/2

[Event "SVR-op 36th"]
[Site "Idar Oberstein"]
[Date "2013.03.28"]
[Round "5"]
[White "Decrouppe, Johann"]
[Black "Agne, Marcel"]
[Result "1-0"]
[WhiteElo "1692"]
[BlackElo "1511"]
[PlyCount "115"]
[EventDate "2013.03.23"]
[EventType "swiss"]
[EventRounds "7"]
[EventCountry "GER"]
[SourceTitle "EXT 2014"]
[Source "ChessBase"]
[SourceDate "2013.11.20"]
[SourceVersion "1"]
[SourceVersionDate "2013.11.20"]
[SourceQuality "1"]

1. Nf3 c5 2. c4 e6 3. g3 Nc6 4. Bg2 Nf6 5. 0-0 Be7 6. Nc3 0-0 7. d3 d5 8. cxd5 exd5 9. a3 d4 10. Nb1 Be6 11. Nbd2 Rc8 12. h3 Qd7 13. Kh2 h5 14. Nc4 Bxc4 15. dxc4 Rfe8 16. Bd2 Ne4 17. h4 Nxd2 18. Qxd2 Qd6 19. Kh1 b6 20. Rad1 Ne5 21. Nxe5 Qxe5 22. Rfe1 Bf6 23. Qd3 Rcd8 24. Bd5 g6 25. Qxg6+ Kh8 26. Bxf7 Qe4+ 27. Qxe4 Rxe4 28. Bxh5 d3 29. exd3 Rxe1+ 30. Rxe1 Rxd3 31. Re2 Rb3 32. Be8 Bxb2 33. a4 Bd4 34. Bb5 Bf6 35. Kg2 Kg7 36. Ra2 Bd4 37. Re2 Bf6 38. Kh3 Kg6 39. Re3 Rxe3 40. fxe3 Kf5 41. Bc6 Kg6 42. g4 Be5 43. Be8+ Kf6 44. Bd7 a6 45. g5+ Kg6 46. Kg4 b5 47. h5+ Kf7 48. cxb5 axb5 49. axb5 c4 50. Bf5 c3 51. b6 Ke7 52. h6 Kf7 53. Kh5 Kg8 54. g6 c2 55. Bxc2 Kf8 56. g7+ Kg8 57. Bb3+ Kh7 58. g8Q# 1-0

[Event "SVR-op 36th"]
[Site "Idar Oberstein"]
[Date "2013.03.23"]
[Round "2"]
[White "Agne, Marcel"]
[Black "Fritsch, Alexander"]
[Result "1/2-1/2"]
[WhiteElo "1511"]
[BlackElo "1461"]
[PlyCount "97"]
[EventDate "2013.03.23"]
[EventType "swiss"]
[EventRounds "7"]
[EventCountry "GER"]
[SourceTitle "EXT 2014"]
[Source "ChessBase"]
[SourceDate "2013.11.20"]
[SourceVersion "1"]
[SourceVersionDate "2013.11.20"]
[SourceQuality "1"]

1. e4 c6 2. d4 d5 3. Nc3 dxe4 4. Nxe4 Bf5 5. Ng3 Bg6 6. c3 Nf6 7. Nf3 e6 8. Bd3 Bd6 9. 0-0 Nbd7 10. Re1 Qc7 11. Qc2 0-0-0 12. Bd2 Nd5 13. Rad1 Nf4 14. Bxf4 Bxf4 15. b3 Nf6 16. Ne4 Bh5 17. Ng3 Bxf3 18. gxf3 h5 19. Nf1 Rd5 20. Qe2 Rg5+ 21. Kh1 h4 22. Bc4 Rh6 23. Bd3 Bd6 24. Qe3 Bf4 25. Qe2 Nd5 26. Qc2 f5 27. Ne3 Bxh2 28. Nxd5 cxd5 29. c4 Bd6 30. cxd5 Qxc2 31. Bxc2 exd5 32. b4 Kd7 33. Ba4+ Kc7 34. a3 h3 35. Bb3 Rhg6 36. Bxd5 Rg2 37. f4 Bxf4 38. Bxg2 hxg2+ 39. Kg1 Bg5 40. f3 Kd6 41. Re2 Kd5 42. Rxg2 Be3+ 43. Kf1 Rxg2 44. Kxg2 g5 45. Rh1 b5 46. a4 Bxd4 47. axb5 Kc4 48. f4 gxf4 49. Rh5 1/2-1/2

[Event "SVR-op 36th"]
[Site "Idar Oberstein"]
[Date "2013.03.23"]
[Round "1"]
[White "Wohde, Guenter"]
[Black "Agne, Marcel"]
[Result "0-1"]
[WhiteElo "1049"]
[BlackElo "1511"]
[PlyCount "78"]
[EventDate "2013.03.23"]
[EventType "swiss"]
[EventRounds "7"]
[EventCountry "GER"]
[SourceTitle "EXT 2014"]
[Source "ChessBase"]
[SourceDate "2013.11.20"]
[SourceVersion "1"]
[SourceVersionDate "2013.11.20"]
[SourceQuality "1"]

1. c4 e5 2. g3 Nc6 3. Bg2 Nf6 4. e3 Be7 5. Nc3 d6 6. Bh3 Bxh3 7. Nxh3 Qd7 8. Ng1 e4 9. Qc2 Nb4 10. Qb3 Nd3+ 11. Kf1 Rb8 12. Nxe4 Nxe4 13. Qxd3 Qf5 14. Qe2 h5 15. Qf3 Qe6 16. d3 Nc5 17. e4 Bf6 18. Rb1 b5 19. b3 bxc4 20. dxc4 Qxe4 21. Bb2 Qxb1+ 22. Kg2 Bxb2 23. Nh3 Qe4 24. Ng5 Qxf3+ 25. Kxf3 0-0 26. Re1 Rfe8 27. Rb1 Bf6 28. Nh3 Ne4 29. Rd1 Ng5+ 30. Nxg5 Bxg5 31. Rd5 Re5 32. Rd4 Bf6 33. Rd2 Rbe8 34. b4 Re4 35. c5 Rxb4 36. cxd6 cxd6 37. Rxd6 Rb2 38. Ra6 Ree2 39. Rxa7 Rxf2+ 0-1